[Event "Bratislava MMX op"]
[Site "Bratislava"]
[Date "2010.08.29"]
[Round "2"]
[White "Janos, Jozef"]
[Black "Kollar, Jan Marek"]
[Result "1-0"]
[WhiteElo "2215"]
[BlackElo "1673"]
[PlyCount "33"]
[EventDate "2010.08.28"]
[EventType "swiss"]
[EventRounds "9"]
[EventCountry "SVK"]
[SourceTitle "EXT 2011"]
[Source "ChessBase"]
[SourceDate "2010.11.26"]
[SourceVersion "1"]
[SourceVersionDate "2010.11.26"]
[SourceQuality "1"]

1. d4 g6 2. Nf3 Bg7 3. e4 d6 4. Nc3 Nd7 5. Bc4 a6 6. Bxf7+ Kf8 7. Ng5 Ndf6 8. Ne6+ Bxe6 9. Bxe6 Nh6 10. 0-0 Nf7 11. f4 c6 12. e5 Nd7 13. Ne4 h6 14. Qg4 Nb6 15. Qxg6 Qe8 16. Qf5 d5 17. Nc5 1-0

[Event "Bratislava Doprastav op"]
[Site "Bratislava"]
[Date "2010.07.02"]
[Round "1"]
[White "Zatko, Gregor"]
[Black "Kollar, Jan Marek"]
[Result "1-0"]
[WhiteElo "2021"]
[BlackElo "1673"]
[PlyCount "79"]
[EventDate "2010.07.02"]
[EventType "swiss"]
[EventRounds "9"]
[EventCountry "SVK"]
[SourceTitle "EXT 2012"]
[Source "ChessBase"]
[SourceDate "2011.11.24"]
[SourceVersion "1"]
[SourceVersionDate "2011.11.24"]
[SourceQuality "1"]

1. e4 g6 2. d4 Bg7 3. Nf3 d6 4. Nc3 a6 5. a4 b6 6. Bc4 e6 7. 0-0 Bb7 8. Bg5 Ne7 9. Qd2 h6 10. Bf4 Nd7 11. Rfe1 g5 12. Bg3 Ng6 13. Rad1 0-0 14. h3 Kh8 15. Nh2 f5 16. f3 f4 17. Bf2 e5 18. dxe5 Ndxe5 19. Bd5 Bxd5 20. Qxd5 Ne7 21. Qd2 h5 22. b3 Qd7 23. Nd5 Nxd5 24. Qxd5 Qc6 25. Qxc6 Nxc6 26. h4 Bc3 27. Re2 gxh4 28. Bxh4 Nd4 29. Rf2 Nc6 30. Rff1 Nd4 31. Rd3 Ne2+ 32. Kf2 Ng3 33. Rxc3 Nxf1 34. Kxf1 Rf7 35. g4 fxg3 36. Bxg3 Rg8 37. Bf2 Kh7 38. Rd3 Rfg7 39. c4 Rg2 40. Ng4 1-0

[Event "SVK-ch U16"]
[Site "Ruzomberok"]
[Date "2010.02.21"]
[Round "1"]
[White "Sosovicka, Juraj"]
[Black "Kollar, Jan Marek"]
[Result "1-0"]
[WhiteElo "2085"]
[BlackElo "1648"]
[PlyCount "57"]
[EventDate "2010.02.21"]
[EventType "swiss"]
[EventRounds "9"]
[EventCountry "SVK"]
[SourceTitle "EXT 2022"]
[Source "ChessBase"]
[SourceDate "2021.10.06"]
[SourceVersion "1"]
[SourceVersionDate "2021.10.06"]
[SourceQuality "1"]

1. e4 d6 2. d4 Nf6 3. Nc3 c6 4. Be3 Qc7 5. Qd2 Nbd7 6. f3 e5 7. Nge2 Be7 8. g4 h5 9. g5 Nh7 10. h4 g6 11. f4 exf4 12. Nxf4 Nhf8 13. Bd3 Rg8 14. 0-0-0 Nb6 15. Rdf1 Ne6 16. Qf2 Nxf4 17. Qxf4 Be6 18. d5 cxd5 19. Bxb6 Qxb6 20. exd5 Bf5 21. Bxf5 gxf5 22. Qxf5 Rg7 23. Re1 Qc7 24. Qf6 Kf8 25. Qh6 Kg8 26. Qxh5 Rh7 27. Qg4 a6 28. Rhg1 Bf8 29. Ne4 1-0